Messi Trivia #1 - Statistics

General Stats
  • This quiz has been taken 92 times
  • The average score is 12 of 15
Answer Stats
Hint Answer % Correct
What number did Messi used to wear for FC Barcelona and currently wears for Argentina? 10
100%
How many G+A did Messi recently get at the 2022 World Cup? 10
100%
How Old is he currently (2023)? 35
100%
How many National awards does Messi hold? 5
96%
How Many Golden Boots has he won? 6
95%
What number was he wearing when he scored a hattrick against the Galacticos Real Madrid at just age 19? 19
94%
How Many Ballon D'ors has he won? 7
94%
What year did Messi score a total of 91 goals and 22 assists to claim a calendar year record for goals and G+A? 2012
84%
What Number was he wearing on his Barcelona Debut? 30
84%
When did Messi most recently win a Ballon D'or? 2021
81%
How many total trophies does Messi hold? 42
72%
What family member gave Messi the encouragement to play Futbol at a young age? Grandma
67%
In what minute did Messi score an absolute screamer against Mexico in the 2022 World Cup? 64
62%
What is his birth date? June 24 1987
24%
How many G+A does Messi have in total? (2023) 1185
3%
No matching quizzes found
Score Distribution
Percent of People with Each Score
Percentile by Number Answered
Your Score History
You have not taken this quiz